Res judicatae : papers and essays.

Saved in:
Bibliographic Details
Main Author: Birrell, Augustine, 1850-1933
Format: Book
Language:English
Published: London : Elliot Stock, 1893.
Edition:3rd ed.
Subjects:
LEADER 00737nam a2200217 i 4500
001 c000407738
003 CARM
005 00000000000000.0
008 s1893 00000 eng d
019 1 |a 2489015 
040 |a VDU  |c VDU 
082 0 4 |a 826 
100 1 |a Birrell, Augustine,  |d 1850-1933. 
245 1 0 |a Res judicatae :  |b papers and essays. 
250 |a 3rd ed. 
260 |a London :  |b Elliot Stock,  |c 1893. 
300 |a 280 p. ;  |c 18 cm. 
650 0 |a English literature  |x History and criticism. 
852 8 |b CARM  |h A3:AF07A0  |i A05680  |p 0583678  |f BK 
999 f f |i fd5da85b-4895-5438-b55a-9f1b7fa6efe1  |s 153381a6-a438-5b9e-8878-d16c0b419a5d 
952 f f |p Can circulate  |a CAVAL  |b CAVAL  |c CAVAL  |d CARM 1 Store  |e A05680  |f A3:AF07A0  |h Other scheme  |i book  |m 0583678